[Event "Berkeley CC Ch2011 FNM; 30/90, SD/30"]
[Site "Berkeley"]
[Date "2011.11.18"]
[Round "3.9"]
[White "Smail, John"]
[Black "Deng, David"]
[Result "1-0"]
[WhiteElo "1852"]
[BlackElo "1422"]
[PlyCount "47"]
[EventDate "2011.??.??"]
[SourceDate "2007.10.22"]

1. e4 c5 2. Nc3 d6 3. d3 Nf6 4. g3 Bg4 5. f3 Bd7 6. Bg2 Nc6 7. Nge2 g6 8. Be3
Bg7 9. Qd2 Qb6 10. O-O-O O-O 11. Bh6 Na5 12. Bxg7 Kxg7 13. Nd5 Nxd5 14. exd5
Rac8 15. h4 c4 16. Qc3+ f6 17. d4 Qa6 18. h5 b5 19. hxg6 hxg6 20. Qe3 Kf7 21.
Rh7+ Kg8 22. Qh6 Nb3+ 23. Kb1 Nd2+ 24. Rxd2 1-0

[Event "Berkeley CS Rubinstein FNM; 30/90, SD/3"]
[Site "Berkeley"]
[Date "2011.09.02"]
[Round "6.2"]
[White "Smail, John"]
[Black "Glasscoe, Alan"]
[Result "1/2-1/2"]
[WhiteElo "1837"]
[BlackElo "1800"]
[PlyCount "38"]
[EventDate "2011.??.??"]
[SourceDate "2007.10.22"]

1. d4 Nf6 2. Bg5 c6 3. Bxf6 exf6 4. Nf3 d5 5. e3 Bd6 6. Bd3 Bg4 7. Nbd2 Nd7 8.
c4 dxc4 9. Nxc4 Bc7 10. O-O O-O 11. Qc2 h6 12. Nfd2 Nb6 13. f4 Nd5 14. Be4 Re8
15. Rae1 b5 16. Na3 f5 17. Bxd5 Qxd5 18. Nab1 Rac8 19. b4 a5 1/2-1/2

[Event "Berkeley CC Santasiere FNM; 30/90, SD/3"]
[Site "Berkeley CA"]
[Date "2009.09.12"]
[Round "6.3"]
[White "Smail, John"]
[Black "Gonda, Thomas A"]
[Result "1-0"]
[WhiteElo "1925"]
[BlackElo "1629"]
[PlyCount "92"]
[EventDate "2009.??.??"]
[SourceDate "2007.10.22"]

1. e4 c6 2. d4 d5 3. e5 Bf5 4. Nf3 e6 5. Be2 Nd7 6. O-O Qc7 7. c3 h6 8. Be3 Ne7
9. Na3 Nc8 10. Nc2 Ncb6 11. b3 a5 12. Bd3 Bxd3 13. Qxd3 Be7 14. Nd2 c5 15. Rab1
O-O 16. f4 f5 17. c4 Rac8 18. Rfc1 a4 19. b4 cxb4 20. c5 Nxc5 21. dxc5 Bxc5 22.
Nd4 Qe7 23. Nb5 Nc4 24. Bxc5 Qxc5+ 25. Nd4 Nb2 26. Rxc5 Nxd3 27. Rxc8 Rxc8 28.
g3 b5 29. Kf1 b3 30. axb3 a3 31. Ra1 b4 32. Ke2 Nc1+ 33. Kd1 a2 34. Nc2 Ne2 35.
Kxe2 Rxc2 36. Kd1 Rc3 37. Rxa2 d4 38. Ke2 Re3+ 39. Kf2 g5 40. Ra4 Rd3 41. Ke2
Re3+ 42. Kd1 d3 43. Rxb4 Re2 44. Rd4 Rxh2 45. Rxd3 gxf4 46. gxf4 h5 1-0

[Event "Berkeley CC Colle FNM; 30/90, SD/30"]
[Site "Berkeley"]
[Date "2011.06.10"]
[Round "1.6"]
[White "Smail, John"]
[Black "Jenkins, Gerl L"]
[Result "1-0"]
[WhiteElo "1866"]
[BlackElo "1484"]
[PlyCount "97"]
[EventDate "2011.??.??"]
[SourceDate "2007.10.22"]

1. d4 d5 2. Bg5 Bf5 3. e3 Nd7 4. c4 c6 5. Nc3 Ngf6 6. Qb3 Qb6 7. c5 Qxb3 8.
axb3 e6 9. f3 Be7 10. g4 Bg6 11. Bf4 O-O 12. Kd2 b6 13. b4 b5 14. Ra6 Rfc8 15.
h4 h6 16. Nge2 Ne8 17. Bg2 f5 18. g5 h5 19. Rha1 Bd8 20. Rxa7 Rxa7 21. Rxa7 Bc7
22. Bxc7 Nxc7 23. Nf4 Be8 24. e4 g6 25. Ke3 Bf7 26. Nd3 Nb8 27. Ne5 Be8 28. Kf4
Nba6 29. Nd3 Kf8 30. Ke5 Ke7 31. exd5 exd5 32. Bh3 Bd7 33. Ne2 Re8 34. Kf4 Ra8
35. Rxa8 Nxa8 36. Ke5 N8c7 37. Nef4 Be8 38. Nxh5 gxh5 39. Bxf5 Bf7 40. g6 Bg8
41. Nf4 Nxb4 42. Nxh5 Ne8 43. Bb1 Kf8 44. f4 Ng7 45. Nxg7 Kxg7 46. f5 Na6 47.
f6+ Kf8 48. g7+ Kf7 49. h5 1-0

[Event "Purdy FNM; 30/90, SD/30"]
[Site "Berkeley"]
[Date "2010.01.29"]
[Round "4.1"]
[White "Smail, John"]
[Black "Krasnov, Steven L"]
[Result "1-0"]
[WhiteElo "1981"]
[BlackElo "1925"]
[PlyCount "73"]
[EventDate "2010.??.??"]
[SourceDate "2007.10.22"]

1. d4 Nf6 2. Nf3 e6 3. e3 c5 4. Bd3 Nc6 5. b3 b6 6. O-O Bb7 7. Bb2 Be7 8. Nbd2
O-O 9. a3 d6 10. Re1 Qc7 11. Nf1 e5 12. dxe5 Nxe5 13. Nxe5 dxe5 14. e4 Rad8 15.
Qf3 g6 16. g4 a6 17. a4 Kg7 18. Ng3 h6 19. h4 Nh7 20. Qh1 f5 21. f4 Bf6 22. g5
exf4 23. gxf6+ Nxf6 24. Nf1 Rfe8 25. Nd2 b5 26. axb5 axb5 27. Ra7 c4 28. Bxf6+
Kxf6 29. e5+ Ke6 30. Rxb7 Qc5+ 31. Kf1 cxd3 32. c4 bxc4 33. bxc4 Ra8 34. Qg2 g5
35. Reb1 Ra6 36. Rh7 Rea8 37. Rxh6+ 1-0

[Event "Berkeley CC Santasiere FNM; 30/90, SD/3"]
[Site "Berkeley CA"]
[Date "2009.08.21"]
[Round "3.2"]
[White "Smail, John"]
[Black "Landrum, Brett John"]
[Result "1-0"]
[WhiteElo "1925"]
[BlackElo "1429"]
[PlyCount "77"]
[EventDate "2009.??.??"]
[SourceDate "2007.10.22"]

1. e4 e5 2. Bc4 Nf6 3. d3 Nc6 4. f4 exf4 5. Bxf4 Bc5 6. Nf3 d6 7. Nc3 Bg4 8. h3
Bh5 9. Bb5 Qd7 10. Nd5 Ng8 11. c3 a6 12. Bxc6 Qxc6 13. g4 Bg6 14. Qe2 Qd7 15.
d4 Ba7 16. e5 O-O-O 17. O-O-O Re8 18. Qc4 Be4 19. Rhf1 Bxd5 20. Qxd5 Ne7 21.
Qb3 d5 22. Rde1 h5 23. e6 fxe6 24. Ne5 Qb5 25. Qxb5 axb5 26. Nf7 Rhf8 27. Bg5
Kd7 28. gxh5 Nf5 29. Ne5+ Kc8 30. Ng6 Rg8 31. b4 c6 32. Rf3 Bb8 33. Kd2 Ng3 34.
Ne7+ Kd7 35. Nxg8 Ne4+ 36. Rxe4 dxe4 37. Rf7+ Kd6 38. Rxg7 Kd5 39. Nf6+ 1-0

[Event "Berkeley CC Reti FNM; 30/90, SD/60"]
[Site "Berkeley"]
[Date "2011.05.13"]
[Round "4.4"]
[White "Smail, John"]
[Black "Lenea, Digne De"]
[Result "0-1"]
[WhiteElo "1871"]
[BlackElo "1851"]
[PlyCount "42"]
[EventDate "2011.??.??"]
[SourceDate "2007.10.22"]

1. d4 Nf6 2. Bg5 Ne4 3. Bf4 g5 4. f3 gxf4 5. fxe4 e5 6. Nf3 Be7 7. g3 d6 8.
dxe5 Bg4 9. Bg2 Nc6 10. Nbd2 dxe5 11. Nc4 Bxf3 12. exf3 O-O 13. c3 Qc8 14. Qc1
Qe6 15. Nd2 Rad8 16. Bf1 fxg3 17. Nb3 g2 18. Bxg2 Bh4+ 19. Kf1 Qc4+ 20. Kg1 Qe2
21. Qf1 Qe3+ 0-1

[Event "Berkeley CC Colle FNM; 30/90, SD/30"]
[Site "Berkeley"]
[Date "2011.07.01"]
[Round "4.5"]
[White "Smail, John"]
[Black "Lesquillier, Walter"]
[Result "1-0"]
[WhiteElo "1866"]
[BlackElo "1722"]
[PlyCount "45"]
[EventDate "2011.??.??"]
[SourceDate "2007.10.22"]

1. b4 e5 2. Bb2 d6 3. e4 Nf6 4. Nc3 Be6 5. Nf3 Be7 6. d4 exd4 7. Nxd4 O-O 8.
Nxe6 fxe6 9. a3 e5 10. Bc4+ Kh8 11. O-O a5 12. Nd5 Nxd5 13. exd5 c6 14. Bd3 Nd7
15. f4 cxd5 16. Bf5 d4 17. Qh5 Nf6 18. Qh3 Qe8 19. Rae1 axb4 20. Rxe5 Qf7 21.
Bxd4 Rxa3 22. Bd3 Raa8 23. Bxh7 1-0

[Event "Berkeley CC Ch2011 FNM; 30/90, SD/30"]
[Site "Berkeley"]
[Date "2011.12.09"]
[Round "6.7"]
[White "Smail, John"]
[Black "Li Jr, William"]
[Result "0-1"]
[WhiteElo "1852"]
[BlackElo "1637"]
[PlyCount "68"]
[EventDate "2011.??.??"]
[SourceDate "2007.10.22"]

1. Nf3 d5 2. c4 dxc4 3. Na3 Be6 4. e4 Nf6 5. Qc2 Nc6 6. Nxc4 Bxc4 7. Bxc4 Nb4
8. Qa4+ Nc6 9. Ne5 e6 10. Nxc6 Qd7 11. Bb5 a6 12. Nd4 c6 13. Nxc6 Bc5 14. d4
O-O 15. dxc5 axb5 16. Qc2 bxc6 17. O-O Ra4 18. b3 Rxe4 19. Bb2 Rf4 20. Be5 Rf5
21. Bd6 Ra8 22. a4 bxa4 23. Rxa4 Rxa4 24. bxa4 Ne8 25. Bb8 Qe7 26. Rc1 g6 27.
a5 Nc7 28. Qc4 Nb5 29. a6 Rd5 30. Bf4 Rd4 31. Qe2 Rxf4 32. Qe5 Qc7 33. Qxc7
Nxc7 34. Ra1 Rd4 0-1

[Event "Berkeley CS Rubinstein FNM; 30/90, SD/3"]
[Site "Berkeley"]
[Date "2011.07.29"]
[Round "1.8"]
[White "Smail, John"]
[Black "Li, William J"]
[Result "1-0"]
[WhiteElo "1837"]
[BlackElo "1429"]
[PlyCount "93"]
[EventDate "2011.??.??"]
[SourceDate "2007.10.22"]

1. e4 c6 2. d3 d5 3. Nd2 e5 4. Ngf3 Bg4 5. Qe2 f6 6. h3 Bh5 7. g3 d4 8. Bg2 Bb4
9. O-O Ne7 10. a3 Bxd2 11. Bxd2 Qb6 12. b4 O-O 13. g4 Bf7 14. c4 Nd7 15. g5 Bh5
16. Qe1 Ng6 17. c5 Qc7 18. Qc1 Bxf3 19. Bxf3 fxg5 20. Bg4 Nf4 21. Qc4+ Kh8 22.
Bxf4 gxf4 23. Kg2 Nf6 24. Bf3 Qf7 25. Qxf7 Rxf7 26. Rg1 b5 27. a4 Rb7 28. axb5
Rxb5 29. Ra6 Rxb4 30. Rxc6 Rb3 31. Re6 Nd7 32. c6 Nb6 33. Rxe5 Rxd3 34. Re7 Rc3
35. e5 g6 36. Rd1 d3 37. Be4 a5 38. Rxd3 Rxd3 39. Bxd3 a4 40. Bb1 a3 41. Ba2
Na4 42. Rd7 Nc3 43. c7 Nxa2 44. Rd8+ Kg7 45. Rxa8 Nb4 46. c8=Q a2 47. Qf8# 1-0

[Event "Berkeley CC Reti FNM; 30/90, SD/60"]
[Site "Berkeley CA"]
[Date "2011.04.29"]
[Round "2.5"]
[White "Smail, John"]
[Black "Loica-mersa, Caius"]
[Result "1-0"]
[WhiteElo "1871"]
[BlackElo "1223"]
[PlyCount "69"]
[EventDate "2011.??.??"]
[SourceDate "2007.10.22"]

1. e4 e6 2. d4 d5 3. Nc3 Bb4 4. e5 Bxc3+ 5. bxc3 Ne7 6. Qg4 Ng6 7. h4 h5 8. Qg3
Nc6 9. Bd3 Nce7 10. Bg5 Kf8 11. Ne2 Qe8 12. Nf4 b6 13. Rh3 c5 14. Qf3 Nxf4 15.
Qxf4 c4 16. Be2 Ng6 17. Qc1 Qa4 18. g4 hxg4 19. Bxg4 b5 20. h5 Ne7 21. h6 gxh6
22. Rxh6 Rxh6 23. Bxh6+ Ke8 24. a3 Qa5 25. Qb2 Bd7 26. Kd2 Nc6 27. Ke3 Kd8 28.
Bf8 Kc7 29. Bd6+ Kb6 30. a4 Rg8 31. Bc5+ Kb7 32. axb5 Qd8 33. bxc6+ Kxc6 34.
Ra6+ Kc7 35. Bd6+ 1-0

[Event "Berkeley CS Rubinstein FNM; 30/90, SD/3"]
[Site "Berkeley"]
[Date "2011.08.12"]
[Round "3.2"]
[White "Smail, John"]
[Black "Poehlmann, Roger M"]
[Result "0-1"]
[WhiteElo "1837"]
[BlackElo "2272"]
[PlyCount "50"]
[EventDate "2011.??.??"]
[SourceDate "2007.10.22"]

1. d4 e6 2. e4 d5 3. Nc3 Nf6 4. Bg5 Bb4 5. e5 h6 6. Bd2 Bxc3 7. bxc3 Ne4 8. Bd3
Nxd2 9. Kxd2 c5 10. f4 Nc6 11. Bb5 cxd4 12. Bxc6+ bxc6 13. cxd4 Rb8 14. Qf3 Rb4
15. c3 Rb2+ 16. Kc1 Qb6 17. Ne2 Ba6 18. Ng3 O-O 19. Nf1 Be2 20. Qe3 Bxf1 21.
Rxf1 Rb8 22. Qf3 Rxa2 23. Rxa2 Qb1+ 24. Kd2 Qxa2+ 25. Kd3 Rb2 0-1

[Event "Berkeley CC Ch2011 FNM; 30/90, SD/30"]
[Site "Berkeley"]
[Date "2011.12.16"]
[Round "7"]
[White "Smail, John"]
[Black "Stearman, Josiah"]
[Result "1-0"]
[WhiteElo "1852"]
[BlackElo "1679"]
[PlyCount "57"]
[EventDate "2011.??.??"]
[SourceDate "2007.10.22"]

1. Nf3 d5 2. c4 c6 3. b3 Nf6 4. Bb2 g6 5. g3 Bg7 6. Bg2 O-O 7. O-O Re8 8. d3
Nbd7 9. Nbd2 Nf8 10. e4 Nxe4 11. Bxg7 Nxd2 12. Qxd2 Kxg7 13. Qc3+ f6 14. cxd5
cxd5 15. d4 Bf5 16. Nh4 Be6 17. f4 f5 18. Rfe1 Qd6 19. Rac1 Rac8 20. Qa5 a6 21.
Nf3 Nd7 22. Qd2 h6 23. Qe3 Rxc1 24. Rxc1 Nf6 25. Qe5 Qxe5 26. dxe5 Ne4 27. Nd4
Kf7 28. Rc7 Rc8 29. Nxe6 1-0

[Event "Berkeley CC Capablanca FNM; 30/90, SD/3"]
[Site "Berkeley"]
[Date "2011.09.23"]
[Round "2.6"]
[White "Smail, John"]
[Black "Watson, Farid Mark"]
[Result "0-1"]
[WhiteElo "1826"]
[BlackElo "2010"]
[PlyCount "128"]
[EventDate "2011.??.??"]
[SourceDate "2007.10.22"]

1. b4 e5 2. Bb2 d6 3. e3 Nf6 4. c4 Be7 5. Nf3 Bg4 6. Be2 O-O 7. O-O a5 8. a3
axb4 9. axb4 Rxa1 10. Bxa1 Na6 11. b5 Nc5 12. d3 Qa8 13. Nbd2 c6 14. bxc6 bxc6
15. Qc2 Rb8 16. h3 Bf5 17. e4 Bd7 18. Bc3 Ne6 19. Ra1 Qb7 20. Rb1 Qc8 21. Rxb8
Qxb8 22. g3 Bd8 23. Kg2 Bb6 24. Nb3 Qa7 25. Bd1 h6 26. Bb4 c5 27. Bd2 Qa8 28.
Nc1 Qc8 29. Ne2 Nd4 30. Nexd4 Bxh3+ 31. Kg1 exd4 32. Nh2 Bd7 33. Bf4 Bc7 34.
Qc1 Ng4 35. Nxg4 Bxg4 36. f3 Bh5 37. g4 Bg6 38. Kg2 Qb8 39. Ba4 Bd8 40. Bb5 h5
41. gxh5 Bxh5 42. Qh1 Bg6 43. Qh3 Bf6 44. Qd7 Be5 45. Bg3 Bxg3 46. Kxg3 d5+ 47.
Kg2 dxe4 48. dxe4 Qe5 49. Qc8+ Kh7 50. Qh3+ Bh5 51. Qg3 Qxg3+ 52. Kxg3 g5 53.
Ba4 f6 54. Bc2 Kg7 55. Bd3 Kf7 56. f4 Ke6 57. Bf1 Bd1 58. Bh3+ Kd6 59. Bf1 Bc2
60. Kf3 d3 61. Ke3 gxf4+ 62. Kd2 Ke5 63. Bg2 Kd4 64. Bf3 Kxc4 0-1

[Event "Berkeley CC Christiansen FNM; 30/90, SD/"]
[Site "Berkeley"]
[Date "2012.06.08"]
[Round "5.4"]
[White "Smail, John"]
[Black "Woebcke, Carl"]
[Result "0-1"]
[WhiteElo "1800"]
[BlackElo "1873"]
[PlyCount "124"]
[EventDate "2012.??.??"]

1. d4 d5 2. Bg5 Nf6 3. Bxf6 gxf6 4. e3 e5 5. Ne2 Bf5 6. Ng3 Bg6 7. Be2 Nc6 8.
c3 Bd6 9. Nd2 e4 10. Ndf1 Qd7 11. Nh5 Bxh5 12. Bxh5 f5 13. g3 Ne7 14. b4 Ng8
15. Qb3 Nf6 16. Be2 h5 17. h4 Rg8 18. Rc1 b5 19. Qd1 Ng4 20. Qd2 c6 21. a4 bxa4
22. Ra1 Qc7 23. Rxa4 Nxf2 24. Rg1 Nh3 25. Rg2 f4 26. Bxh5 f3 27. g4 Nf4 28.
exf4 Bxf4 29. Qf2 fxg2 30. Qxg2 O-O-O 31. Ke2 Qb7 32. Ra5 Bc7 33. Ra2 Qb5+ 34.
Ke1 Qd3 35. Qd2 Bg3+ 36. Nxg3 Qxg3+ 37. Kd1 e3 38. Qe2 Kb8 39. Qh2 Qxh2 40.
Rxh2 Rd7 41. Ke2 Re7 42. Rh3 f5 43. g5 f4 44. Bf3 Kc7 45. Rh1 Rh7 46. b5 Kd6
47. bxc6 Kxc6 48. c4 Rd7 49. Bxd5+ Rxd5 50. cxd5+ Kxd5 51. Kf3 Kxd4 52. Rd1+
Kc3 53. Rd5 Re8 54. Ke2 f3+ 55. Ke1 e2 56. Rf5 Re3 57. Rc5+ Kd4 58. Rc1 Kd3 59.
Ra1 Kc2 60. Kf2 Rd3 61. Re1 Rd1 62. g6 Kd2 0-1

[Event "BCC Josh Friedel Marathon"]
[Site "Berkeley"]
[Date "2008.08.08"]
[Round "5.3"]
[White "Snyder, Larry"]
[Black "Gonda, Thomas A"]
[Result "1-0"]
[WhiteElo "2037"]
[BlackElo "1470"]
[PlyCount "74"]
[EventDate "2008.??.??"]
[SourceDate "2007.10.22"]

1. e4 c5 2. c3 e6 3. d4 d5 4. exd5 exd5 5. Nf3 cxd4 6. Nxd4 Nf6 7. Be2 Bc5 8.
O-O O-O 9. Bg5 Qb6 10. Nb3 Nbd7 11. Nxc5 Qxc5 12. Nd2 b6 13. Nb3 Qc7 14. Qd4
Ne4 15. Bh4 Bb7 16. f3 Nd6 17. Bg3 Rfe8 18. Rfe1 Nf6 19. Bd3 Qd7 20. Be5 Re6
21. Qh4 h6 22. Nd4 Re7 23. Bxf6 gxf6 24. Qxf6 Rae8 25. Rxe7 Rxe7 26. Bf5 Qe8
27. Kf2 Nxf5 28. Nxf5 Re2+ 29. Kf1 Qe5 30. Qxe5 Rxe5 31. Nd4 Ba6+ 32. Kf2 Kg7
33. Re1 Rh5 34. h3 Bc8 35. Re8 Bd7 36. Re7 Bc8 37. Rxa7 Kf6 1-0

[Event "BCC Josh Friedel Marathon"]
[Site "?"]
[Date "2008.07.25"]
[Round "3.2"]
[White "Snyder, Larry"]
[Black "MacIntyre, Brendan"]
[Result "1-0"]
[WhiteElo "2037"]
[BlackElo "1606"]
[PlyCount "73"]
[EventDate "2007.11.18"]
[SourceDate "2007.10.22"]

1. e4 c5 2. c3 d5 3. exd5 Qxd5 4. d4 cxd4 5. cxd4 Nf6 6. Nc3 Qa5 7. Bc4 g6 8.
Qb3 e6 9. Nf3 Bg7 10. O-O O-O 11. Bf4 a6 12. a4 Nc6 13. Rad1 Ne7 14. Bd6 Re8
15. Rfe1 Ned5 16. Nxd5 exd5 17. Bxd5 Rxe1+ 18. Rxe1 Bg4 19. Bxf7+ Kh8 20. Qb4
Qf5 21. Be6 Qc2 22. Bxg4 Nxg4 23. Bg3 h6 24. d5 Qf5 25. Qxb7 Rd8 26. d6 a5 27.
b3 Bc3 28. Rd1 Bb4 29. Qd5 Qd7 30. Qd4+ Kh7 31. h3 Nxf2 32. Qxf2 Qf5 33. Kh2
Bc5 34. Qd2 Bb6 35. Qd5 Qd7 36. Re1 Kh8 37. Re7 1-0

[Event "BCC Adolf Anderssen Friday Night Marath"]
[Site "Berkeley"]
[Date "2009.02.06"]
[Round "5"]
[White "Sowell, Nelson M"]
[Black "Andries, W Craig"]
[Result "1/2-1/2"]
[WhiteElo "1738"]
[BlackElo "1867"]
[PlyCount "110"]
[EventDate "2009.??.??"]
[SourceDate "2007.10.22"]

1. d4 d6 2. c4 Nf6 3. g3 g6 4. Bg2 Bg7 5. Nf3 c6 6. O-O O-O 7. Nc3 Nbd7 8. Bg5
h6 9. Bxf6 Bxf6 10. Qd2 Bg7 11. Rfd1 Qc7 12. Rac1 a6 13. b3 Nf6 14. h3 Re8 15.
c5 d5 16. Ne5 Nd7 17. f4 Nf8 18. e4 f6 19. Nf3 e6 20. Qe2 Bd7 21. e5 f5 22. Kh1
Re7 23. Rg1 Be8 24. Nh2 Rf7 25. Bf3 Rd8 26. Rg2 Qe7 27. Qf2 Nh7 28. Rcg1 Qf8
29. Ne2 Re7 30. g4 Kh8 31. Qh4 g5 32. Qg3 Rf7 33. gxf5 Rxf5 34. fxg5 Rxg5 35.
Qh4 Rd7 36. Rxg5 Nxg5 37. Rxg5 Rf7 38. Rg3 Rf5 39. b4 Kh7 40. Qd8 Qf7 41. Kg2
Bf8 42. Ng4 Be7 43. Nf6+ Rxf6 44. exf6 Bxd8 45. Rg7+ Qxg7+ 46. fxg7 Kxg7 47.
Nf4 Kf6 48. Bg4 Bf7 49. Kf3 Bc7 50. h4 Bxf4 51. Kxf4 Bg6 52. Bf3 Bb1 53. a3 Bc2
54. Bg4 Bd3 55. Bh5 Bg6 1/2-1/2

[Event "Berkeley CC Santasiere FNM; 30/90, SD/3"]
[Site "Berkeley CA"]
[Date "2009.09.12"]
[Round "6.4"]
[White "Sowell, Nelson M"]
[Black "Andries, W Craig"]
[Result "0-1"]
[WhiteElo "1752"]
[BlackElo "1926"]
[PlyCount "116"]
[EventDate "2009.??.??"]
[SourceDate "2007.10.22"]

1. d4 d6 2. c4 g6 3. Nc3 Bg7 4. g3 Nf6 5. Bg2 O-O 6. Nf3 c6 7. O-O Nbd7 8. Bg5
h6 9. Bxf6 Bxf6 10. Qd2 Bg7 11. Rfd1 Qe8 12. Rac1 e5 13. d5 c5 14. Nb5 Qe7 15.
e4 a6 16. Nc3 Nf6 17. Ne1 Nh7 18. Nd3 Bd7 19. f4 exf4 20. Nxf4 Nf6 21. Re1 g5
22. Nd3 Ng4 23. Ne2 Rae8 24. h3 Nf6 25. Nc3 Nh7 26. Kh2 f6 27. Bf3 Rb8 28. a3
Qf7 29. Qe2 f5 30. Bh5 Qf6 31. e5 dxe5 32. Nxc5 Qd6 33. Nxd7 Qxd7 34. Bf3 e4
35. Bg2 Rbc8 36. Nd1 Qd6 37. Nf2 Be5 38. Nh1 Nf6 39. Rcd1 h5 40. b4 h4 41. c5
Bxg3+ 42. Kg1 Qe5 43. Nxg3 hxg3 44. d6 Nd7 45. Qh5 Qg7 46. a4 Rf6 47. Qe2 Kf8
48. Qe3 Ne5 49. Qxg3 f4 50. Qb3 f3 51. Bf1 g4 52. h4 f2+ 53. Kg2 Nf3 54. d7
Nxh4+ 55. Kg3 Rd8 56. Qd5 Nf5+ 57. Kh2 g3+ 58. Kh3 Rh6+ 0-1

[Event "Berkeley CC Colle FNM; 30/90, SD/30"]
[Site "Berkeley"]
[Date "2011.06.24"]
[Round "3.12"]
[White "Sowell, Nelson M"]
[Black "Deng, David"]
[Result "1-0"]
[WhiteElo "1729"]
[BlackElo "1242"]
[PlyCount "113"]
[EventDate "2011.??.??"]
[SourceDate "2007.10.22"]

1. d4 d5 2. c4 c6 3. Nf3 Nf6 4. g3 Bf5 5. Nbd2 Nbd7 6. Bg2 e6 7. O-O Bd6 8. h3
O-O 9. Nh4 Bg6 10. Nxg6 fxg6 11. Qc2 Qc7 12. e4 dxe4 13. Nxe4 Nxe4 14. Qxe4
Rae8 15. c5 Be7 16. Qxe6+ Kh8 17. Qb3 Bf6 18. Bf4 Qc8 19. Rad1 g5 20. Bd6 Be7
21. Bxe7 Rxe7 22. Rfe1 Rfe8 23. Rxe7 Rxe7 24. Qf3 Qe8 25. Rd3 Rf7 26. Qe3 Qxe3
27. Rxe3 Nf6 28. Re5 h6 29. d5 cxd5 30. Bxd5 Nxd5 31. Rxd5 Rc7 32. Kf1 Kg8 33.
Ke2 Kf7 34. Kd3 Ke6 35. Kc4 a6 36. b4 Rc6 37. Kd4 Ke7 38. Re5+ Kd7 39. Ke4 Rf6
40. Rf5 Re6+ 41. Kd3 Ke7 42. Kd4 Rc6 43. g4 Rg6 44. Kd5 Rc6 45. a4 g6 46. Re5+
Kd7 47. b5 axb5 48. axb5 Rf6 49. c6+ bxc6+ 50. bxc6+ Kd8 51. Re6 Rxf2 52. Rxg6
Rd2+ 53. Ke6 Kc7 54. Kf7 Rd6 55. Rxd6 Kxd6 56. Kg6 Kxc6 57. Kxh6 1-0

[Event "Shorman Sunday Night Marathon"]
[Site "?"]
[Date "2008.01.13"]
[Round "4"]
[White "Sowell, Nelson"]
[Black "Duran, Robert"]
[Result "1-0"]
[WhiteElo "1749"]
[BlackElo "1641"]
[Annotator ",Elizabeth"]
[PlyCount "120"]
[EventDate "2008.??.??"]
[SourceDate "2007.10.22"]

1. d4 d5 2. c4 c6 3. g3 Nf6 4. Bg2 Nbd7 5. Nf3 e6 6. O-O Bd6 7. Nc3 O-O 8. Qc2
h6 9. Rd1 Qa5 10. Bd2 Qc7 11. Rac1 b6 12. cxd5 exd5 13. Nb5 cxb5 14. Qxc7 Bxc7
15. Rxc7 Ne8 16. Rcc1 a5 17. Ne5 Ndf6 18. Nc6 Be6 19. h3 Nd6 20. Bf4 Nc8 21. g4
Re8 22. Bf3 Ne7 23. Kh2 Bd7 24. Ne5 g5 25. Nxd7 Nxd7 26. Bd6 Nf6 27. Bxe7 Rxe7
28. Rc6 Ne4 29. Bxe4 Rxe4 30. e3 Re6 31. Rdc1 Rae8 32. Kg3 Kg7 33. Rc7 R8e7 34.
Rxe7 Rxe7 35. Rc6 Re6 36. Rc7 b4 37. b3 Rd6 38. Kf3 Kg6 39. Ke2 f6 40. Kd3 f5
41. f3 f4 42. e4 dxe4+ 43. Kxe4 Kf6 44. d5 Rd8 45. Rc6+ Kg7 46. Rxb6 Re8+ 47.
Re6 Rc8 48. Kd4 Rc2 49. d6 Kf8 50. Kd5 Rxa2 51. Rxh6 a4 52. bxa4 b3 53. Rh8+
Kf7 54. d7 Rd2+ 55. Kc4 b2 56. Rb8 Ke7 57. Kc3 Rd1 58. Rxb2 Rxd7 59. Re2+ Kf6
60. Kb4 Rd3 {(white went on to win the 2 pawn up endgame)} 1-0

[Event "Berkeley CC Santasiere FNM; 30/90, SD/3"]
[Site "Berkeley CA"]
[Date "2009.08.28"]
[Round "4.8"]
[White "Sowell, Nelson M"]
[Black "Gens, Michael"]
[Result "1-0"]
[WhiteElo "1752"]
[BlackElo "638"]
[PlyCount "57"]
[EventDate "2009.??.??"]
[SourceDate "2007.10.22"]

1. d4 Nc6 2. c4 Nf6 3. g3 d5 4. Bg2 dxc4 5. Nf3 Ne4 6. O-O e6 7. Qc2 Nxd4 8.
Nxd4 Qxd4 9. Qxe4 Bc5 10. Qxd4 Bxd4 11. Rd1 e5 12. e3 Bb6 13. Bd5 Bg4 14. f3
Be6 15. Bxb7 Rb8 16. Bd5 Rd8 17. Bc6+ Bd7 18. Bxd7+ Rxd7 19. Rxd7 Kxd7 20. Nc3
f5 21. Kf1 h5 22. Bd2 g5 23. Ke2 Rg8 24. Nd5 Ba5 25. Nf6+ Ke7 26. Nxg8+ Kf7 27.
Nh6+ Kg6 28. Nxf5 c3 29. e4 {remainder illegible} 1-0

[Event "Berkeley CC De Firmian FNM; 30/90, SD/30"]
[Site "Berkeley"]
[Date "2012.05.04"]
[Round "6.5"]
[White "Sowell, Nelson M"]
[Black "Heifetz, Michael"]
[Result "0-1"]
[WhiteElo "1700"]
[BlackElo "1930"]
[PlyCount "100"]
[EventDate "2012.??.??"]

1. d4 Nf6 2. c4 c5 3. d5 d6 4. Nc3 g6 5. g3 Bg7 6. Nf3 O-O 7. Bg2 Re8 8. O-O e6
9. dxe6 fxe6 10. Bg5 h6 11. Bxf6 Bxf6 12. Qd2 Kh7 13. Rfd1 Qb6 14. Rab1 Rd8 15.
Ne4 Be7 16. h4 d5 17. cxd5 exd5 18. Nc3 d4 19. Ne4 Nc6 20. Qf4 Rf8 21. Qc1 Bf5
22. Nh2 Ne5 23. f3 Rac8 24. b3 Qa6 25. Qb2 Rfd8 26. f4 Ng4 27. Nxg4 Bxg4 28.
Bf3 Bxf3 29. exf3 Bf8 30. Rd2 Bg7 31. Qc2 Rd5 32. Qc4 Qc6 33. a4 a6 34. a5 Rcd8
35. Rc1 d3 36. Kg2 Rd4 37. Qxc5 Qe6 38. Rc4 R4d5 39. Qe3 Qd7 40. Qb6 Rb5 41.
Qc7 Qxc7 42. Rxc7 Rxb3 43. Nc5 Rc3 44. Rxg7+ Kxg7 45. Ne6+ Kf6 46. Nxd8 Rc2 47.
Rf2 d2 48. Kh3 d1=Q 49. Rxc2 Qxc2 50. Nxb7 Qc8+ 0-1

[Event "Berkeley CC FNM; 30/90, SD/30"]
[Site "Berkeley"]
[Date "2009.05.29"]
[Round "5"]
[White "Sowell, Nelson M"]
[Black "Hirsch, Jack"]
[Result "1-0"]
[WhiteElo "1752"]
[BlackElo "1292"]
[PlyCount "22"]
[EventDate "2009.??.??"]
[SourceDate "2007.10.22"]

1. d4 d5 2. c4 dxc4 3. Nf3 Nf6 4. g3 Nc6 5. Qa4 Qd5 6. Nc3 Qa5 7. Qxc4 Be6 8.
Qb5 Qxb5 9. Nxb5 Bc4 10. Nxc7+ Kd8 11. Nxa8 e6 {remainder illegible} 1-0

[Event "Berkeley CC De Firmian FNM; 30/90, SD/30"]
[Site "Berkeley"]
[Date "2012.04.20"]
[Round "4.5"]
[White "Sowell, Nelson M"]
[Black "Karas, Nicholas"]
[Result "0-1"]
[WhiteElo "1700"]
[BlackElo "2099"]
[PlyCount "130"]
[EventDate "2012.??.??"]

1. d4 Nf6 2. c4 c5 3. d5 b5 4. cxb5 a6 5. e3 g6 6. Nc3 Bg7 7. Nf3 O-O 8. Bc4 d6
9. O-O Nbd7 10. Qe2 Nb6 11. Bb3 axb5 12. Rd1 b4 13. Nb1 Ba6 14. Qe1 Bb7 15. e4
c4 16. Bxc4 Nxc4 17. Qxb4 Qc7 18. Nc3 Rfc8 19. Bf4 Nh5 20. Bd2 Nxd2 21. Rxd2
Bxc3 22. bxc3 Qxc3 23. Qxc3 Rxc3 24. Rb2 Rac8 25. h3 Rc1+ 26. Rxc1 Rxc1+ 27.
Kh2 Ba6 28. g4 Nf6 29. Nd2 Bd3 30. f3 Rc2 31. Rxc2 Bxc2 32. Kg2 e6 33. Nc4 exd5
34. exd5 Nxd5 35. Nxd6 Nc3 36. a3 Nb1 37. Nc4 Bb3 38. Ne3 Nxa3 39. f4 Nc4 40.
Nf1 f6 41. Kf2 Kf7 42. Ng3 Nd6 43. Ke3 Ke6 44. Kd4 Bd1 45. Ke3 Kd5 46. Nf1 Nc4+
47. Kd3 Bf3 48. Nh2 Be4+ 49. Ke2 Kd4 50. Kf2 Ne3 51. h4 h5 52. gxh5 gxh5 53.
Kg3 Nf5+ 54. Kf2 Nxh4 55. Nf1 Bf5 56. Ne3 Ke4 57. Kg3 Kxe3 58. Kxh4 Kxf4 59.
Kxh5 Bd3 60. Kh4 f5 61. Kh3 Kf3 62. Kh2 Kf2 63. Kh1 f4 64. Kh2 f3 65. Kh1 Ke1
0-1